[Event "Moscow-chT U26 final"]
[Site "Moscow"]
[Date "2010.11.23"]
[Round "7"]
[White "Pisarenko, Roman"]
[Black "Sakhvadze, Georgy"]
[Result "1-0"]
[WhiteElo "1964"]
[BlackElo "2038"]
[PlyCount "73"]
[EventDate "2010.11.07"]
[EventType "team-tourn"]
[EventRounds "9"]
[EventCountry "RUS"]
[SourceTitle "EXT 2012"]
[Source "ChessBase"]
[SourceDate "2011.11.24"]
[SourceVersion "1"]
[SourceVersionDate "2011.11.24"]
[SourceQuality "1"]

1. e4 c5 2. Nf3 Nc6 3. d4 cxd4 4. Nxd4 e5 5. Nb5 d6 6. N1c3 a6 7. Na3 b5 8. Nd5 Nce7 9. c4 Nxd5 10. exd5 Be7 11. cxb5 Nf6 12. Be2 Bb7 13. bxa6 Bxd5 14. Bb5+ Kf8 15. 0-0 h5 16. Bd2 h4 17. Qa4 h3 18. g3 Qc8 19. Rac1 Qf5 20. f3 g6 21. Bc6 Bxc6 22. Rxc6 Kg7 23. Qc2 Qd7 24. Nb5 d5 25. Nc7 Ra7 26. Nb5 Rxa6 27. Rxa6 Qxb5 28. Rc6 Nd7 29. b4 Bxb4 30. Bxb4 Qxb4 31. Rb1 Qa5 32. Rc7 Rd8 33. f4 Nf6 34. fxe5 Ne4 35. e6 Rb8 36. Rxf7+ Kh6 37. Qc1+ 1-0